000 01161pam a2200313 a 4500
999 _c57512
_d57512
001 1998772
005 20200701112515.0
008 900614s1991 gauab b s001 0 eng
010 _a 90041759
020 _a082031269X (pbk. : alk. paper) :
_c$18.00
020 _a0820312681 (cloth : alk. paper) :
_c$35.00
040 _aDLC
_cDLC
_dDLC
041 _aeng
043 _an-us-ga
050 0 0 _aF286
_b.H58 1991
080 _a94(479.22) A-10
082 0 0 _a975.8
_220
245 0 2 _aA History of Georgia /
_cKenneth Coleman, general editor ... [et al.].
250 _a2nd ed.
260 _aAthens :
_bUniversity of Georgia Press,
_cc1991.
300 _axvi, 461 p. :
_bill., maps ;
_c23 cm.
504 _aIncludes bibliographical references (p. [416]-437) and index.
651 0 _aGeorgia
_xHistory.
_98925
653 _a საქართველოს ისტორია
700 1 _aColeman, Kenneth.
_eრედაქტორი
_98926
906 _a7
_bcbc
_corignew
_d1
_eocip
_f19
_gy-gencatlg
942 _2udc
_cBK
955 _apc14 to br00 06-14-90; br02 to SCD 06-18-90; fd18 06-18-90; fl40 06-21-90; CIP ver. by11 03-05-91 to SL 03-13-91